| 000 | 00375nam a2200145Ia 4500 | ||
|---|---|---|---|
| 008 | 210210b1964 xxu||||| |||| 00| 0 eng d | ||
| 082 | _a823.009 MULS | ||
| 100 | _aMULLIK (B R). | ||
| 245 | _aStudies in novelists-Galsworthy. V xi. | ||
| 260 |
_aND _bChand & Co., _c1964 |
||
| 300 | _aiv,36 | ||
| 650 | _aNovelist Galsworthy | ||
| 690 | _aEnglish Criticism | ||
| 906 | _a031567 | ||
| 999 |
_c82793 _d82793 |
||